[Event "Knighthood Blitz"]
[Site "Vishy Anand Arena"]
[Date "2020.08.01"]
[Round "4"]
[White "RACEKING"]
[Black "Anandgary"]
[Result "1-0"]
[WhiteElo "2374"]
[BlackElo "1773"]
[PlyCount "70"]
[EventDate "2020.08.01"]
[EventType "swiss (blitz)"]

1. Nf3 d5 2. d4 Nf6 3. c4 e6 4. Nc3 Be7 5. Bf4 O-O 6. a3 c6 7. Qc2 Nbd7 8. e3 Re8 9. Rd1 Nf8 10. Bd3 dxc4 11. Bxc4 Ng6 12. Bg3 b6 13. O-O Bb7 14. Ne5 Rc8 15. b4 a5 16. Qb3 axb4 17. Bxe6 Rf8 18. Nxf7 Rxf7 19. Bxf7+ Kh8 20. axb4 Nd5 21. Nxd5 cxd5 22. Bxg6 hxg6 23. Rc1 Rxc1 24. Rxc1 Ba6 25. b5 Bb7 26. Rc7 Ba8 27. h3 Bd6 28. Bxd6 Qxd6 29. Rc8+ Kh7 30. Rxa8 Qf6 31. Qc2 Qd6 32. Qc8 Kh6 33. Qh8+ Kg5 34. f4+ Kf5 35. Qf8+ Ke4 1-0

[Event "Knighthood Blitz"]
[Site "Vishy Anand Arena"]
[Date "2020.08.01"]
[Round "4"]
[White "Uzbektiger95"]
[Black "NIKiler"]
[Result "1-0"]
[WhiteElo "2372"]
[BlackElo "1917"]
[Annotator "NA"]
[PlyCount "75"]
[EventDate "2020.08.01"]
[EventType "swiss (blitz)"]

1. c4 Nf6 2. Nc3 e5 3. Nf3 Nc6 4. e4 g6 5. h3 Bg7 6. d3 O-O 7. g3 d6 8. Bg2 Nd7 9. Bg5 f6 10. Be3 f5 11. exf5 gxf5 12. Ng5 Nf6 13. Qd2 h6 14. Nf3 Kh7 15. d4 exd4 16. Nxd4 Nxd4 17. Bxd4 Re8+ 18. Be3 Ne4 19. Nxe4 fxe4 20. O-O Bd7 21. Rad1 Bc6 22. Rfe1 Qf6 23. Bd4 Qg6 24. Bxg7 Qxg7 25. Qd4 Re5 26. Bxe4+ Kh8 27. Re3 Rae8 28. Bxc6 bxc6 29. Rxe5 Rxe5 30. Qxa7 Re2 31. Qa8+ Kh7 32. Qxc6 Rxb2 33. Re1 Qf7 34. Qe4+ Kg7 35. Qd4+ Qf6 36. Re7+ Kg6 37. Qe4+ Kh5 38. Qg4# 1-0

[Event "Knighthood Blitz"]
[Site "Vishy Anand Arena"]
[Date "2020.08.01"]
[Round "4"]
[White "Vignesh nr"]
[Black "LAXMAN"]
[Result "1-0"]
[WhiteElo "2353"]
[BlackElo "2447"]
[Annotator "TA"]
[PlyCount "112"]
[EventDate "2020.08.01"]
[EventType "swiss (blitz)"]

1. e4 e5 2. Nf3 Nc6 3. Bb5 Nf6 4. d3 Bc5 5. O-O Nd4 6. Nxd4 Bxd4 7. c3 Bb6 8. Nd2 O-O 9. Nc4 d5 10. Nxb6 axb6 11. exd5 Nxd5 12. d4 e4 13. Re1 Bf5 14. f3 exf3 15. Qxf3 Bg6 16. Bc4 c6 17. Re5 Nb4 18. Bg5 Qd7 19. Be7 Nc2 20. Rf1 Nxd4 21. cxd4 Qxd4+ 22. Qe3 Qxc4 23. Bxf8 Rxf8 24. Qxb6 Qxa2 25. Qxb7 Qa4 26. Rfe1 c5 27. Qe7 c4 28. h4 h5 29. Kh2 Rb8 30. Qc7 Rxb2 31. Re8+ Kh7 32. Qc8 Bd3 33. Rh8+ Kg6 34. Re6+ f6 35. Re3 Bf5 36. Rg3+ Bg4 37. Qg8 c3 38. Qh7+ Kf7 39. Rg8 Qf4 40. Rxg7+ Ke6 41. Qg8+ Ke5 42. Re7+ Kd4 43. Qd8+ Kc4 44. Rc7+ Kb3 45. Qb8+ Ka2 46. Ra7+ Kb1 47. Qxf4 c2 48. Rc3 Bd1 49. Qf1 Kc1 50. Qe1 Kb1 51. Qd2 Rb4 52. Raa3 Rxh4+ 53. Kg1 Rb4 54. Rab3+ Rxb3 55. Rxb3+ Ka2 56. Rb8 Ka1 1-0

[Event "Knighthood Blitz"]
[Site "Vishy Anand Arena"]
[Date "2020.08.01"]
[Round "4"]
[White "Pshyaamnikhil"]
[Black "Krithigga2001"]
[Result "1-0"]
[WhiteElo "2338"]
[BlackElo "1830"]
[Annotator "NA"]
[PlyCount "63"]
[EventDate "2020.08.01"]
[EventType "swiss (blitz)"]

1. e4 c6 2. c4 d5 3. exd5 cxd5 4. cxd5 Nf6 5. Nc3 Nxd5 6. Nf3 Nxc3 7. bxc3 a6 8. d4 Bg4 9. h3 Bxf3 10. Qxf3 Qc7 11. Rb1 Nc6 12. Bf4 Qc8 13. d5 Nd8 14. Be2 g6 15. Be5 f6 16. Bd4 Bg7 17. Qe3 b5 18. h4 Qd7 19. h5 Qxd5 20. h6 Bf8 21. Bxf6 Qxa2 22. O-O Rg8 23. c4 Kf7 24. Bc3 Rc8 25. cxb5 axb5 26. Qf3+ Ke6 27. Bxb5 Bxh6 28. Rfe1+ Kd6 29. Rbd1+ Kc5 30. Re5+ Kb6 31. Bd4+ Ka5 32. Bd7+ 1-0

[Event "Knighthood Blitz"]
[Site "Vishy Anand Arena"]
[Date "2020.08.01"]
[Round "4"]
[White "Fighter64"]
[Black "Phoenix92"]
[Result "0-1"]
[WhiteElo "2320"]
[BlackElo "2498"]
[Annotator "NA"]
[PlyCount "120"]
[EventDate "2020.08.01"]
[EventType "swiss (blitz)"]

1. Nf3 Nf6 2. c4 g6 3. Nc3 c5 4. g3 Nc6 5. Bg2 d6 6. d4 cxd4 7. Nxd4 Bd7 8. O-O Bg7 9. b3 h5 10. Bb2 h4 11. c5 hxg3 12. hxg3 dxc5 13. Nxc6 Bxc6 14. Qxd8+ Rxd8 15. Bxc6+ bxc6 16. Rad1 Nd7 17. Na4 Bxb2 18. Nxb2 Rh5 19. Rd2 Rd5 20. Rc2 Nb6 21. Rfc1 Rd2 22. Nd3 Rxc2 23. Rxc2 c4 24. bxc4 Rd4 25. c5 Na4 26. Ne5 Rd5 27. Nxc6 a6 28. Nb4 Rxc5 29. Rxc5 Nxc5 30. Kg2 Kd7 31. Kf3 a5 32. Nd5 Na4 33. Ke3 Kd6 34. Nf4 Nc3 35. Kd4 Nxa2 36. Nd3 Ke6 37. Kc4 Kf5 38. f3 Kg5 39. Kb3 Nb4 40. Nxb4 axb4 41. Kxb4 f5 42. e3 e5 43. Kc5 f4 44. gxf4+ exf4 45. e4 Kf6 46. Kd5 g5 47. Kd4 Ke6 48. e5 Kf5 49. Kd5 g4 50. e6 gxf3 51. e7 f2 52. e8=Q f1=Q 53. Qh5+ Kf6 54. Qh6+ Ke7 55. Qh7+ Kf6 56. Qh6+ Ke7 57. Qg7+ Kd8 58. Qf8+ Kc7 59. Qd6+ Kb7 60. Qc6+ Kb8 0-1

[Event "Knighthood Blitz"]
[Site "Vishy Anand Arena"]
[Date "2020.08.01"]
[Round "4"]
[White "Johncking"]
[Black "Rishila"]
[Result "1-0"]
[WhiteElo "2302"]
[BlackElo "1866"]
[PlyCount "51"]
[EventDate "2020.08.01"]
[EventType "swiss (blitz)"]

1. e4 g6 2. d4 Bg7 3. Nc3 d5 4. Nxd5 c6 5. Ne3 Qxd4 6. Qxd4 Bxd4 7. c3 Bg7 8. Bc4 e6 9. h4 Nf6 10. f3 Nbd7 11. Ne2 Ne5 12. Nd4 Nxc4 13. Nxc4 O-O 14. Bf4 Nxe4 15. fxe4 e5 16. Bxe5 Bxe5 17. Nxe5 Re8 18. Nef3 Rxe4+ 19. Kf2 Bg4 20. Rhe1 Rae8 21. Rxe4 Rxe4 22. Re1 Rxe1 23. Nxe1 Kf8 24. Nd3 Be6 25. Nxe6+ fxe6 26. Nc5 1-0

[Event "Knighthood Blitz"]
[Site "Vishy Anand Arena"]
[Date "2020.08.01"]
[Round "4"]
[White "Gak_chess"]
[Black "Pabh"]
[Result "1-0"]
[WhiteElo "2298"]
[BlackElo "2391"]
[Annotator "TA"]
[PlyCount "49"]
[EventDate "2020.08.01"]
[EventType "swiss (blitz)"]

1. d4 Nf6 2. c4 g6 3. Nc3 d5 4. Nf3 Bg7 5. cxd5 Nxd5 6. e4 Nxc3 7. bxc3 c5 8. Be3 Qa5 9. Qd2 Nc6 10. Rb1 a6 11. Rc1 cxd4 12. cxd4 Qxd2+ 13. Kxd2 e6 14. d5 exd5 15. exd5 Ne7 16. Bc4 Nf5 17. Bb3 O-O 18. Bf4 Rd8 19. Rhd1 Bd7 20. Rc7 Bc6 21. Kc1 Bb5 22. d6 Rac8 23. Bxf7+ Kf8 24. Be6 Rb8 25. Ng5 1-0

[Event "Knighthood Blitz"]
[Site "Vishy Anand Arena"]
[Date "2020.08.01"]
[Round "4"]
[White "VugarAsadli"]
[Black "kutiktau"]
[Result "0-1"]
[WhiteElo "2289"]
[BlackElo "2671"]
[Annotator "TA"]
[PlyCount "102"]
[EventDate "2020.08.01"]
[EventType "swiss (blitz)"]

1. e4 c6 2. Nf3 d5 3. exd5 cxd5 4. Ne5 Nc6 5. d4 Bf5 6. c3 e6 7. Bd3 Bxd3 8. Nxd3 Bd6 9. Nd2 Nf6 10. Nf3 Ne4 11. O-O O-O 12. Nfe5 Nxe5 13. dxe5 Be7 14. Be3 Qc7 15. Rc1 Rac8 16. Bd4 a6 17. b4 h6 18. f3 Ng5 19. f4 Ne4 20. f5 Bg5 21. Rc2 Rfe8 22. Qe1 exf5 23. Rxf5 Qd7 24. Qf1 Rc6 25. Nc5 Nxc5 26. bxc5 Qe6 27. Rcf2 Rc7 28. g3 Rf8 29. h4 Be7 30. Qe2 Bxc5 31. h5 Bxd4 32. cxd4 Rfc8 33. Qf3 b5 34. g4 b4 35. g5 hxg5 36. Rxg5 Rc1+ 37. Kh2 R8c3 38. Qg2 Qh6 39. Rf6 Qh8 40. e6 R1c2 41. exf7+ Kf8 42. Rf2 Qh7 43. Re5 Rxf2 44. Qxf2 Rc8 45. Qe3 Kxf7 46. Re7+ Kf8 47. Rd7 Qxh5+ 48. Kg2 Qg4+ 49. Kf1 Qxd7 50. Qf4+ Qf7 51. Qxf7+ Kxf7 0-1

[Event "Knighthood Blitz"]
[Site "Vishy Anand Arena"]
[Date "2020.08.01"]
[Round "4"]
[White "Aradhya"]
[Black "Acxea"]
[Result "1-0"]
[WhiteElo "2250"]
[BlackElo "2236"]
[PlyCount "93"]
[EventDate "2020.08.01"]
[EventType "swiss (blitz)"]

1. d4 d6 2. Nf3 Nd7 3. g3 g6 4. Bg2 Bg7 5. O-O e5 6. c4 Ne7 7. Nc3 Nc6 8. d5 Nd4 9. Nxd4 exd4 10. Nb5 O-O 11. Nxd4 Re8 12. b3 Nc5 13. Bb2 a5 14. e3 Bd7 15. Qc2 a4 16. Rfd1 h5 17. h4 Qc8 18. b4 Na6 19. a3 Bg4 20. Rd2 b6 21. Nc6 Bxb2 22. Qxb2 Nb8 23. Qf6 Nxc6 24. dxc6 Qe6 25. Qd4 Qe5 26. Rc1 Rad8 27. Qxe5 dxe5 28. Rxd8 Rxd8 29. c5 bxc5 30. f3 Be6 31. Rxc5 Rd1+ 32. Kh2 Ra1 33. Rxe5 Rxa3 34. Ra5 Ra2 35. b5 Bc4 36. b6 Kg7 37. b7 Rb2 38. Kg1 Rb1+ 39. Kf2 Rb2+ 40. Ke1 Re2+ 41. Kd1 Rb2 42. Kc1 Rb6 43. Rxa4 Bd5 44. Ra7 Bxc6 45. b8=Q Rxb8 46. Rxc7 Bd5 47. e4 1-0

[Event "Knighthood Blitz"]
[Site "Vishy Anand Arena"]
[Date "2020.08.01"]
[Round "4"]
[White "Viani A Dcunha"]
[Black "Thor_attack"]
[Result "1-0"]
[WhiteElo "2239"]
[BlackElo "1849"]
[PlyCount "27"]
[EventDate "2020.08.01"]
[EventType "swiss (blitz)"]

1. e4 e5 2. Nf3 Nf6 3. Nc3 Bb4 4. Nxe5 d6 5. Nd3 Bxc3 6. dxc3 Nxe4 7. Be2 O-O 8. Nf4 Nf6 9. c4 Nc6 10. O-O Bf5 11. b3 Re8 12. Bb2 Re4 13. g3 Re8 14. Bf3 1-0

[Event "Knighthood Blitz"]
[Site "Vishy Anand Arena"]
[Date "2020.08.01"]
[Round "4"]
[White "Lightsaber"]
[Black "Vijayreddy29"]
[Result "1-0"]
[WhiteElo "2218"]
[BlackElo "1605"]
[Annotator "NA"]
[PlyCount "85"]
[EventDate "2020.08.01"]
[EventType "swiss (blitz)"]

1. Nf3 e6 2. g3 d5 3. Bg2 Nf6 4. O-O Be7 5. b3 O-O 6. Bb2 c5 7. e3 Nc6 8. d4 b6 9. Nbd2 Bb7 10. Ne5 Rc8 11. a3 cxd4 12. exd4 Nxe5 13. dxe5 Nd7 14. Nf3 Qc7 15. Rc1 Nc5 16. Re1 Ne4 17. c4 Qd7 18. Nd4 Rfd8 19. Qg4 Bc5 20. Red1 Qe7 21. b4 Bxd4 22. Bxd4 a5 23. Bxb6 Rd7 24. bxa5 Qxa3 25. Ra1 Qb2 26. Bd4 Qc2 27. Rac1 Qb3 28. cxd5 Rxc1 29. Rxc1 Qxd5 30. Bxe4 Qxd4 31. Bxb7 h6 32. Qxd4 Rxd4 33. a6 Ra4 34. Kg2 g6 35. f4 Kg7 36. Kf3 Ra3+ 37. Ke4 Ra4+ 38. Kd3 g5 39. fxg5 hxg5 40. Kc3 Ra5 41. Kb4 Ra2 42. Kb3 Ra5 43. Rc4 1-0

[Event "Knighthood Blitz"]
[Site "Vishy Anand Arena"]
[Date "2020.08.01"]
[Round "4"]
[White "Adityass"]
[Black "Fidodido"]
[Result "0-1"]
[WhiteElo "2212"]
[BlackElo "2319"]
[PlyCount "146"]
[EventDate "2020.08.01"]
[EventType "swiss (blitz)"]

1. e4 c5 2. Nf3 d6 3. d4 cxd4 4. Nxd4 Nf6 5. Nc3 a6 6. h3 e5 7. Nde2 Be7 8. g4 h6 9. Bg2 Be6 10. Be3 Nbd7 11. O-O Rc8 12. Ng3 Nb6 13. Nf5 Bxf5 14. exf5 Qc7 15. Qf3 Nc4 16. Qxb7 Nxe3 17. fxe3 Qc5 18. Rfe1 Rc7 19. Qb8+ Rc8 20. Qb7 Rc7 21. Qb8+ Bd8 22. Rad1 O-O 23. Qb3 Rc8 24. Re2 Bb6 25. Nd5 Nxd5 26. Qxd5 Rfd8 27. Qxc5 Bxc5 28. c4 a5 29. b3 Kf8 30. Bd5 Ke7 31. Kg2 h5 32. g5 Rb8 33. Rf1 f6 34. h4 a4 35. bxa4 Rb4 36. Kf3 Rxa4 37. Rg1 Kd7 38. gxf6 gxf6 39. Rg7+ Kc8 40. Rb2 Rb4 41. Rxb4 Bxb4 42. Rh7 Bc5 43. Rxh5 Kc7 44. Rh7+ Kb6 45. Rb7+ Ka5 46. h5 Rh8 47. Bf7 Rh7 48. Rb5+ Ka4 49. Bg6 Rh8 50. Ke4 Ba3 51. Kd5 Bc1 52. Ke6 Bxe3 53. Kxf6 e4 54. Kg7 Bd4+ 55. Kf7 e3 56. f6 e2 57. Rb1 Bc3 58. Kg7 Ra8 59. h6 Ra7+ 60. Bf7 Rb7 61. h7 Rxb1 62. h8=Q Rg1+ 63. Kf8 e1=Q 64. Be8+ Ka3 65. Qh7 Qe5 66. Qa7+ Kb2 67. Qxg1 Qxf6+ 68. Bf7 Qd8+ 69. Be8 Ka3 70. Qa7+ Kb2 71. Qe3 Qf6+ 72. Bf7 Qg7+ 73. Ke8 Qh8+ 0-1

[Event "Knighthood Blitz"]
[Site "Vishy Anand Arena"]
[Date "2020.08.01"]
[Round "4"]
[White "Priyanka Nutakki"]
[Black "Swayham"]
[Result "1-0"]
[WhiteElo "2177"]
[BlackElo "1921"]
[PlyCount "133"]
[EventDate "2020.08.01"]
[EventType "swiss (blitz)"]

1. c4 e5 2. g3 g6 3. Nc3 Bg7 4. Bg2 Ne7 5. d3 d6 6. Nf3 O-O 7. O-O f5 8. Rb1 Nbc6 9. Nd2 a5 10. a3 h6 11. b4 axb4 12. axb4 e4 13. Nd5 exd3 14. exd3 Nd4 15. Re1 Nxd5 16. Bxd5+ Kh8 17. Bb2 c6 18. Bg2 Bd7 19. Nb3 Nxb3 20. Qxb3 f4 21. Ra1 Rxa1 22. Rxa1 fxg3 23. hxg3 Bxb2 24. Qxb2+ Kh7 25. Qd4 Qe7 26. Be4 Bf5 27. Re1 Bxe4 28. Rxe4 Qd7 29. Qe3 Rf7 30. Re8 Qf5 31. Qd4 Rg7 32. Qe3 d5 33. c5 Qf6 34. Kg2 Qa1 35. Re7 Qf6 36. Re6 Qf5 37. Re5 Qf6 38. Re8 h5 39. Qe5 Qxe5 40. Rxe5 Kh6 41. f4 Rf7 42. Re8 Kg7 43. Kf3 Kf6 44. Rb8 Re7 45. Rf8+ Kg7 46. Rb8 Kf6 47. g4 hxg4+ 48. Kxg4 Rh7 49. Rd8 Re7 50. Rd6+ Kg7 51. f5 gxf5+ 52. Kxf5 Rf7+ 53. Kg5 Re7 54. Rd8 Rf7 55. Re8 Re7 56. Rxe7+ Kf8 57. Rxb7 Ke8 58. Kf6 Kd8 59. Ke6 Kc8 60. Rb6 Kc7 61. d4 Kc8 62. Rxc6+ Kb7 63. Kd6 Ka7 64. Rb6 Ka8 65. Kc7 Ka7 66. b5 Ka8 67. Ra6# 1-0

[Event "Knighthood Blitz"]
[Site "Vishy Anand Arena"]
[Date "2020.08.01"]
[Round "4"]
[White "Arghyadip"]
[Black "adireddyarjun"]
[Result "1-0"]
[WhiteElo "2170"]
[BlackElo "1455"]
[PlyCount "95"]
[EventDate "2020.08.01"]
[EventType "swiss (blitz)"]

1. d4 d5 2. c4 c6 3. Nc3 Nf6 4. e3 e6 5. Nf3 Nbd7 6. Qc2 Bd6 7. Bd2 O-O 8. O-O-O a6 9. c5 Bc7 10. Kb1 b6 11. cxb6 Bxb6 12. Na4 Bb7 13. Bb4 Re8 14. Rc1 Rc8 15. Bd3 Qc7 16. Nxb6 Qxb6 17. Qc3 Qc7 18. Qa3 h6 19. h3 Ne4 20. Bxe4 dxe4 21. Nd2 f5 22. Nc4 Red8 23. Ba5 Qb8 24. Bxd8 Rxd8 25. Qe7 Nf8 26. Ne5 Qd6 27. Qxd6 Rxd6 28. Rc3 Nd7 29. Nc4 Rd5 30. a4 Kf7 31. Rb3 Bc8 32. Rc1 Ke7 33. Nb6 Nxb6 34. Rxb6 Rd6 35. Rcxc6 Rxc6 36. Rxc6 Kd7 37. Rc5 Kd6 38. Ka2 Bb7 39. Ka3 Bd5 40. Kb4 Ba2 41. Ka5 Bb1 42. Kxa6 Bd3+ 43. Kb6 Bf1 44. a5 Bxg2 45. a6 Bxh3 46. a7 f4 47. a8=Q fxe3 48. Qd8# 1-0

[Event "Knighthood Blitz"]
[Site "Vishy Anand Arena"]
[Date "2020.08.01"]
[Round "4"]
[White "RATHNAKARAN"]
[Black "Vikas2200"]
[Result "0-1"]
[WhiteElo "2163"]
[BlackElo "1827"]
[Annotator "NA"]
[PlyCount "82"]
[EventDate "2020.08.01"]
[EventType "swiss (blitz)"]

1. e4 e5 2. Nf3 Nc6 3. Bc4 Nf6 4. d3 Be7 5. c3 O-O 6. Bb3 d5 7. Nbd2 Bg4 8. h3 Bh5 9. g4 Bg6 10. Qe2 dxe4 11. dxe4 Nd7 12. h4 h5 13. g5 Nc5 14. Bc2 Ne6 15. Nc4 Bd6 16. Be3 b5 17. Nxd6 cxd6 18. O-O-O Qc7 19. Qxb5 Rfb8 20. Qd3 Qb7 21. b3 a5 22. Qxd6 a4 23. Qd7 Qa6 24. Rd6 axb3 25. Bxb3 Qa3+ 26. Kd1 Bxe4 27. Rh3 Rd8 28. Bxe6 Rxd7 29. Rxd7 fxe6 30. Nd2 Bf5 31. Rg3 Rd8 32. Re7 Nxe7 33. Ke1 Qxa2 34. Kf1 Bd3+ 35. Kg2 e4 36. Kh2 Nf5 37. Rg1 Nxe3 38. fxe3 Qxd2+ 39. Rg2 Qxe3 40. Rg3 Qf4 41. Kg2 Qxg3+ 0-1

[Event "Knighthood Blitz"]
[Site "Vishy Anand Arena"]
[Date "2020.08.01"]
[Round "4"]
[White "Mandrake"]
[Black "Arjunkalyan"]
[Result "0-1"]
[WhiteElo "2156"]
[BlackElo "2268"]
[PlyCount "96"]
[EventDate "2020.08.01"]
[EventType "swiss (blitz)"]

1. e4 c5 2. Nc3 Nc6 3. Bb5 Nd4 4. Nf3 a6 5. Bd3 g6 6. Nxd4 cxd4 7. Ne2 Bg7 8. b3 d5 9. exd5 Qxd5 10. O-O Nf6 11. Ba3 Qd8 12. Re1 O-O 13. Ng3 Nd5 14. Qf3 Re8 15. Ne4 h6 16. Bc4 Nf6 17. h3 Ra7 18. Bc5 b6 19. Ba3 b5 20. Nxf6+ Bxf6 21. Bd5 Rc7 22. Rac1 Kg7 23. Bb4 e6 24. Ba5 Bd7 25. Bxc7 Qxc7 26. Be4 Qa5 27. h4 Qxd2 28. h5 gxh5 29. Qxh5 Rc8 30. Bd3 Qg5 31. Qe2 Bc6 32. Be4 Be8 33. Rf1 Be5 34. Rcd1 Rc3 35. Rd3 Bb8 36. g3 b4 37. Rxc3 dxc3 38. Bd3 Bc6 39. Re1 Ba7 40. Kh2 Bd4 41. Be4 Bb5 42. Qf3 Qd2 43. Rd1 Qxf2+ 44. Qxf2 Bxf2 45. Rd6 f5 46. Bf3 Kf7 47. Kg2 Bc5 48. Rd1 e5 0-1

[Event "Knighthood Blitz"]
[Site "Vishy Anand Arena"]
[Date "2020.08.01"]
[Round "4"]
[White "Mbachez90"]
[Black "Babykandy"]
[Result "1-0"]
[WhiteElo "2156"]
[BlackElo "1810"]
[Annotator "NA"]
[PlyCount "75"]
[EventDate "2020.08.01"]
[EventType "swiss (blitz)"]

1. e4 c5 2. Nf3 d6 3. Bc4 Nc6 4. c3 Nf6 5. Qe2 e6 6. Bb3 Be7 7. O-O O-O 8. d4 cxd4 9. cxd4 d5 10. e5 Ne4 11. Nbd2 Nxd2 12. Bxd2 Qb6 13. Bc3 a5 14. Bc2 Nb4 15. Bb1 Bd7 16. Re1 Bb5 17. Qe3 Rac8 18. h4 Ba4 19. Ng5 g6 20. Qd2 Nc6 21. h5 Bb4 22. hxg6 hxg6 23. Qd3 Kg7 24. Nxe6+ Kg8 25. Nxf8 Bxc3 26. bxc3 Rxf8 27. e6 f5 28. Qg3 Kg7 29. e7 Nxe7 30. Rxe7+ Rf7 31. Qe5+ Qf6 32. Rxf7+ Kxf7 33. Qxf6+ Kxf6 34. Bd3 b5 35. Rb1 b4 36. cxb4 axb4 37. Rxb4 Bd7 38. Rb6+ 1-0

[Event "Knighthood Blitz"]
[Site "Vishy Anand Arena"]
[Date "2020.08.01"]
[Round "4"]
[White "Shahildey"]
[Black "MasteredUI"]
[Result "0-1"]
[WhiteElo "2151"]
[BlackElo "2361"]
[PlyCount "62"]
[EventDate "2020.08.01"]
[EventType "swiss (blitz)"]

1. e4 c5 2. Nc3 d6 3. g3 Nc6 4. Bg2 g6 5. d3 Bg7 6. Nge2 e5 7. O-O Nge7 8. h3 O-O 9. f4 f5 10. Be3 Nd4 11. Qd2 Be6 12. Rae1 Qd7 13. Kh2 Rae8 14. a3 b6 15. Nd1 d5 16. fxe5 dxe4 17. dxe4 fxe4 18. Nf4 Bxe5 19. Nxe6 Qxe6 20. c3 Nf3+ 21. Bxf3 exf3 22. Bf4 Bxf4 23. gxf4 Qc6 24. Qe3 Nf5 25. Qf2 Rxe1 26. Rxe1 Rd8 27. Ne3 Qe4 28. Nxf5 Qxf4+ 29. Ng3 Rd2 30. Re8+ Kf7 31. Re2 Rxe2 0-1

[Event "Knighthood Blitz"]
[Site "Vishy Anand Arena"]
[Date "2020.08.01"]
[Round "4"]
[White "himplanet"]
[Black "STRANGE"]
[Result "0-1"]
[WhiteElo "2146"]
[BlackElo "2422"]
[PlyCount "50"]
[EventDate "2020.08.01"]
[EventType "swiss (blitz)"]

1. e4 c5 2. Nc3 Nc6 3. Nge2 g6 4. d4 cxd4 5. Nxd4 Bg7 6. Nde2 Nf6 7. g3 O-O 8. Bg2 Rb8 9. a4 d6 10. O-O a6 11. Nd5 Nxd5 12. exd5 Ne5 13. Ra2 b5 14. axb5 axb5 15. b3 Bb7 16. Nd4 Qb6 17. h3 Qxd4 18. Qxd4 Nf3+ 19. Bxf3 Bxd4 20. Bh6 Rfc8 21. Rd1 Bg7 22. Be2 Bxh6 23. Bxb5 Ra8 24. Ba4 Rc3 25. Rb2 Ra5 0-1

[Event "Knighthood Blitz"]
[Site "Vishy Anand Arena"]
[Date "2020.08.01"]
[Round "4"]
[White "ItsTime"]
[Black "Savithashri"]
[Result "1-0"]
[WhiteElo "2141"]
[BlackElo "1978"]
[PlyCount "95"]
[EventDate "2020.08.01"]
[EventType "swiss (blitz)"]

1. Nf3 c5 2. g3 d5 3. Bg2 Nf6 4. O-O e6 5. c4 Nc6 6. cxd5 exd5 7. d4 Be6 8. Nc3 a6 9. Bg5 Be7 10. dxc5 O-O 11. Na4 h6 12. Bf4 Ne4 13. Rc1 Qa5 14. Nd4 Rad8 15. Nxe6 fxe6 16. Qc2 Nb4 17. Qb3 Rxf4 18. gxf4 Nd2 19. Qe3 Nxf1 20. Qxe6+ Kh7 21. Rxf1 Bxc5 22. Nxc5 Qxc5 23. a3 Nc6 24. Rd1 d4 25. Bxc6 bxc6 26. Qe5 Qc4 27. Qe4+ Kh8 28. Qd3 Qa4 29. e4 c5 30. Rc1 Qa5 31. e5 Qb6 32. f5 a5 33. e6 Qd6 34. Re1 Rc8 35. Qf3 c4 36. f6 Qc7 37. f7 Qe7 38. Qd5 d3 39. b3 Rd8 40. Qxc4 d2 41. Rd1 Qg5+ 42. Kf1 Qh5 43. Qe2 Qxh2 44. Qf3 Qd6 45. Qe3 Qa6+ 46. Kg1 Qb7 47. e7 Rb8 48. e8=Q+ 1-0

[Event "Knighthood Blitz"]
[Site "Vishy Anand Arena"]
[Date "2020.08.01"]
[Round "4"]
[White "Bestluck"]
[Black "Ggupta211"]
[Result "1-0"]
[WhiteElo "2117"]
[BlackElo "1324"]
[Annotator "NA"]
[PlyCount "43"]
[EventDate "2020.08.01"]
[EventType "swiss (blitz)"]

1. d4 Nf6 2. Nf3 e6 3. e3 d5 4. Bd3 c5 5. b3 Nc6 6. O-O Bd6 7. Bb2 cxd4 8. exd4 Bd7 9. a3 O-O 10. Nbd2 Qc7 11. Qe2 Rfe8 12. Ne5 Bc8 13. f4 Bxe5 14. fxe5 Nd7 15. Bxh7+ Kxh7 16. Qh5+ Kg8 17. Qxf7+ Kh8 18. Qxe8+ Kh7 19. Qh5+ Kg8 20. Qf7+ Kh7 21. Rf3 Ne7 22. Rh3# 1-0

[Event "Knighthood Blitz"]
[Site "Vishy Anand Arena"]
[Date "2020.08.01"]
[Round "4"]
[White "slienteyes"]
[Black "Mraa"]
[Result "1-0"]
[WhiteElo "2112"]
[BlackElo "1489"]
[PlyCount "57"]
[EventDate "2020.08.01"]
[EventType "swiss (blitz)"]

1. e4 c5 2. Nf3 d6 3. d4 cxd4 4. Nxd4 Nf6 5. Nc3 a6 6. Bg5 e6 7. f4 Be7 8. Qf3 Qc7 9. O-O-O O-O 10. g4 Nc6 11. Bxf6 Bxf6 12. Nxc6 bxc6 13. g5 Bxc3 14. Qxc3 Bb7 15. f5 exf5 16. exf5 c5 17. Rg1 Rac8 18. f6 d5 19. Bh3 d4 20. Qe1 Rb8 21. fxg7 Rfc8 22. Qh4 Bf3 23. Bf5 Kxg7 24. Qxh7+ Kf8 25. Qh8+ Ke7 26. Qf6+ Kf8 27. Qh6+ Ke7 28. Rde1+ Kd8 29. Qf8# 1-0

[Event "Knighthood Blitz"]
[Site "Vishy Anand Arena"]
[Date "2020.08.01"]
[Round "4"]
[White "Girinathpds76"]
[Black "Thee_Riddler"]
[Result "1-0"]
[WhiteElo "2105"]
[BlackElo "1736"]
[Annotator "NA"]
[PlyCount "61"]
[EventDate "2020.08.01"]
[EventType "swiss (blitz)"]

1. e4 d5 2. exd5 Qxd5 3. Nc3 Qd8 4. d4 Nf6 5. Nf3 Bg4 6. Be2 e6 7. O-O Be7 8. Ne5 Bxe2 9. Qxe2 O-O 10. Be3 c6 11. Rad1 Nbd7 12. f4 Nd5 13. Nxd5 cxd5 14. f5 Nxe5 15. dxe5 Qc7 16. f6 Bc5 17. Qf2 Bxe3 18. Qxe3 Qxc2 19. Rd4 Rac8 20. Rg4 Qc5 21. Rxg7+ Kh8 22. Qxc5 Rxc5 23. Rf3 Rg8 24. Rxf7 Rc1+ 25. Rf1 Rc2 26. g3 Rxb2 27. Rc1 d4 28. Rcc7 Rd8 29. Rxh7+ Kg8 30. Rcg7+ Kf8 31. Rh8# 1-0

[Event "Knighthood Blitz"]
[Site "Vishy Anand Arena"]
[Date "2020.08.01"]
[Round "4"]
[White "Unforgettable"]
[Black "Thrish"]
[Result "1-0"]
[WhiteElo "2084"]
[BlackElo "1906"]
[PlyCount "45"]
[EventDate "2020.08.01"]
[EventType "swiss (blitz)"]

1. e4 e6 2. d3 c5 3. g3 Nc6 4. Bg2 h6 5. Nf3 g5 6. c3 Bg7 7. Be3 b6 8. d4 cxd4 9. cxd4 d5 10. exd5 exd5 11. Nc3 Nge7 12. h4 g4 13. Ne5 Bxe5 14. dxe5 d4 15. Bxd4 Nxd4 16. Bxa8 Bf5 17. Be4 O-O 18. Bxf5 Nexf5 19. Qxg4+ Kh8 20. O-O Rg8 21. Qf4 h5 22. Rad1 Rg4 23. Qxf5 1-0

[Event "Knighthood Blitz"]
[Site "Vishy Anand Arena"]
[Date "2020.08.01"]
[Round "4"]
[White "chessylife"]
[Black "Angappan"]
[Result "1-0"]
[WhiteElo "2019"]
[BlackElo "1422"]
[PlyCount "77"]
[EventDate "2020.08.01"]
[EventType "swiss (blitz)"]

1. e4 e5 2. Nf3 Nf6 3. Nxe5 d6 4. Nf3 Nxe4 5. d3 Nf6 6. d4 d5 7. Bd3 Bg4 8. h3 Bh5 9. O-O Be7 10. Nbd2 O-O 11. c3 Nbd7 12. Qc2 Re8 13. Ne5 Bd6 14. f4 c5 15. Ndf3 cxd4 16. cxd4 Rc8 17. Qb3 Bg6 18. Bxg6 hxg6 19. Ng5 Rf8 20. Qxb7 Rb8 21. Qxa7 Ne4 22. Qxd7 Nxg5 23. Qxd8 Nxh3+ 24. gxh3 Rfxd8 25. Nc6 Re8 26. Nxb8 Rxb8 27. a4 Rb4 28. a5 Rxd4 29. a6 Bc5 30. Be3 Rb4 31. Bxc5 Rxb2 32. a7 Rb3 33. a8=Q+ Kh7 34. Qxd5 Rxh3 35. Rf3 Rh5 36. Qxf7 Kh8 37. Ra8+ Kh7 38. Qg8+ Kh6 39. Qh8# 1-0

[Event "Knighthood Blitz"]
[Site "Vishy Anand Arena"]
[Date "2020.08.01"]
[Round "4"]
[White "ASB"]
[Black "Vishveshk"]
[Result "1-0"]
[WhiteElo "1996"]
[BlackElo "1847"]
[PlyCount "127"]
[EventDate "2020.08.01"]
[EventType "swiss (blitz)"]

1. d4 e6 2. Bf4 Nf6 3. e3 d5 4. Nf3 Be7 5. Bd3 O-O 6. c3 c6 7. Nbd2 Nbd7 8. Ne5 Re8 9. Ndf3 h6 10. Nxd7 Nxd7 11. Ne5 Nxe5 12. Bxe5 Bf6 13. Bf4 e5 14. dxe5 Bxe5 15. Bxe5 Rxe5 16. Qf3 Qb6 17. O-O-O a5 18. Qg3 Rg5 19. Qd6 Be6 20. f4 Rxg2 21. Bc2 Bf5 22. Rd2 Qxe3 23. Rhd1 Bg4 24. Qe5 Qxe5 25. fxe5 Rxd2 26. Rxd2 Re8 27. Rg2 Bd7 28. Re2 f6 29. Rd2 fxe5 30. b3 e4 31. Re2 b5 32. c4 e3 33. cxd5 cxd5 34. Bd3 d4 35. Kb2 b4 36. a3 Bg4 37. Re1 Kf7 38. axb4 axb4 39. Kc2 Kf6 40. Bc4 Kg5 41. Kd3 Rd8 42. Rg1 Kf4 43. Rf1+ Bf3 44. Ba6 g5 45. h3 h5 46. Ra1 g4 47. hxg4 hxg4 48. Bb5 e2 49. Kd2 e1=Q+ 50. Rxe1 Kg3 51. Bf1 Kf2 52. Rc1 g3 53. Bh3 g2 54. Bxg2 Bxg2 55. Rc4 Bf3 56. Rxb4 d3 57. Rf4 Kg3 58. Rf7 Be2 59. b4 Rc8 60. Rg7+ Kf4 61. Rf7+ Ke5 62. Rf2 Kd6 63. Ke3 Rc2 64. Rf6+ 1-0